000 00499nam a2200181Ia 4500
008 230524s9999 xx 000 0 und d
020 _a9788126509409
082 _a658.415
_bMAN
100 _aSamuel J.Mantel
245 0 _aProject Management: Core Textbook
250 _aIST
260 _aNEW DELHI
_bJohn Wiley
_c2009
300 _aXVIII;377
500 _aQuantity Number: 2
650 _aManagement
700 _a" Jack R.Meredith, Scott M.Shafer, M.M.Sutton , M.R.Gopalan,"
942 _cBK
999 _c46869
_d46869